Personnalités politiques de premier plan 2024 (1) - Statistiques

Statistiques générales
  • Ce quiz a été pris 1 088 fois
    325 depuis la dernière actualisation
  • Le résultat moyen est 11 sur 20
Statistiques - réponses
Hint Réponse % Correct
Président du Rassemblement national Jordan Bardella
99%
Fondateur du parti Horizons et maire du Havre Édouard Philippe
87%
Président de Reconquête Éric Zemmour
82%
Premier secrétaire du Parti Socialiste Olivier Faure
80%
Coordinateur de La France Insoumise Manuel Bompard
77%
Président des Républicains, député des Alpes Maritimes Éric Ciotti
75%
Secrétaire national du Parti communiste français Fabien Roussel
68%
Maire de Lille (PS) Martine Aubry
62%
Ministre des Armées Sébastien Lecornu
61%
Candidate à la primaire EELV de 2021, députée de Paris Sandrine Rousseau
54%
Président du Conseil Constitutionnel Laurent Fabius
48%
Président de l'Association des Maires de France, Maire de Cannes (LR) David Lisnard
47%
Présidente de la région Occitanie (PS) Carole Delga
43%
Maire de Grenoble (Les Verts) Éric Piolle
36%
Porte-parole du Gouvernement Prisca Thevenot
36%
Secrétaire général de la présidence de la République Alexis Kohler
35%
Maire de Marseille (PS) Benoit Payan
33%
Coordinatrice de Génération écologie (NUPES), députée des Deux Sèvres Delphine Batho
21%
Présidente des Pays de la Loire (Horizons) Christelle Morançais
13%
Président de la métropole du Grand Paris Patrick Ollier
6%
Aucun quiz correspondant
Distribution des résultats
% des personnes avec chaque résultat
Percentile par nombre de réponses
Votre historique - résultats
Vous n’avez pas pris ce quiz depuis la dernière actualisation